| 000 | 00493cam a2200193ua 4500 | ||
|---|---|---|---|
| 001 | 3930 | ||
| 005 | 20260515113744.0 | ||
| 008 | 111209n ii |||gr||||Z||||||asm | ||
| 040 | _cMAIN | ||
| 082 | _a891.4511 | ||
| 100 | 1 | _aBorah, Kanak Chandra, | |
| 245 | 1 | 1 |
_aAnugroh kori haat nidiye yen _cby Kanak Chandra Borah |
| 250 | _a1st. | ||
| 260 |
_aTinsukia: _bMarami Prakash,981. |
||
| 300 |
_a92p: _c23cm. |
||
| 653 | _aAssamese poem | ||
| 653 | _aAnugroh kori haat nidiye yen | ||
| 942 | _cBK | ||
| 999 |
_c3750 _d3750 |
||